|
|
|
|
| LEADER |
00000nas a2200000 a 4500 |
| 001 |
ssj0000778712 |
| 003 |
WaSeSS |
| 005 |
20200512172242.0 |
| 006 |
m d |
| 007 |
cr n |
| 008 |
101006c20099999bl uu p sb 0 0por c |
| 010 |
|
|
|a 2012267083
|
| 022 |
|
|
|a 2177-5184
|l 2177-5184
|
| 035 |
|
|
|a (WaSeSS)ssj0000778712
|
| 040 |
|
|
|a SELUL
|b eng
|c SELUL
|d CS1
|d OCLCQ
|d DOS
|d OCLCQ
|d OCLCF
|d CUS
|d OCLCO
|d OCLCQ
|d OCLCA
|d VT2
|d WaSeSS
|
| 042 |
|
|
|a pcc
|
| 043 |
|
|
|a s-bl---
|
| 050 |
|
4 |
|a HF5410
|b .C46 online
|
| 210 |
0 |
|
|a REMark, Rev. Bras. Mark.
|
| 222 |
|
0 |
|a REMark - Revista Brasileira de Marketing
|
| 245 |
0 |
0 |
|a Revista brasileira de marketing
|h [electronic resource].
|
| 246 |
3 |
|
|a REMark
|
| 246 |
1 |
|
|i Title on English home page:
|a Brazilian marketing journal
|
| 260 |
|
|
|a [São Paulo, Brazil] :
|b Universidade Nove de Julho
|
| 310 |
|
|
|a Three no. a year,
|b 2010-
|
| 321 |
|
|
|a Semiannual,
|b 2009
|
| 362 |
1 |
|
|a Began with v. 8, n. 1 (jan./jun. 2009).
|
| 506 |
|
|
|a License restrictions may limit access.
|
| 546 |
|
|
|a Articles in Portuguese.
|
| 588 |
|
|
|a Description based on: V. 8, n. 1 (jan./jun. 2009); title from PDF caption (publisher website, viewed November 21, 2012).
|
| 588 |
|
|
|a Latest issue consulted: V. 11, n. 2 (maio/ago. 2012).
|
| 650 |
|
0 |
|a Marketing
|v Periodicals.
|
| 650 |
|
0 |
|a Marketing
|z Brazil
|v Periodicals.
|
| 650 |
|
7 |
|a Marketing.
|2 fast
|0 (OCoLC)fst01010167
|
| 651 |
|
7 |
|a Brazil.
|2 fast
|0 (OCoLC)fst01206830
|
| 653 |
|
0 |
|a marketing
|
| 653 |
|
0 |
|a international marketing
|
| 653 |
|
0 |
|a Brazilian marketing
|
| 653 |
|
0 |
|a Business and Management
|
| 655 |
|
0 |
|a Electronic journals.
|
| 710 |
2 |
|
|a Universidade Nove de Julho.
|
| 780 |
0 |
0 |
|t Cenários da comminção
|x 1983-9332
|w (DLC) 2012267084
|w (OCoLC)818897428
|
| 856 |
4 |
0 |
|z Full text available from Research Library: 01/01/2009 to present
|u https://search.proquest.com/publication/496312
|